000 02654nam a22003615a 4500
005 20090606160151.0
008 090326s2009 ii b 000 0 eng
010 _aENG-93938
020 _a9780195685954
_c895.00
020 _a0195685954
_c895.00
035 _aEN-77471
035 _aB-360827-833
037 _bDBAD / PUB
037 _bUppal Book Store
040 _adpl
_bEnglish
082 _a792.0954
245 _aModern Indian theatre :
_ba reader /
_cedited by Nandi Bhatia
260 _aNew Delhi
_bOxford University Press
_c2009
270 _aYMCA Library Building, Jai Singh Road,
_bNew Delhi
_e110001
300 _axxxix, 487 p.
_c23cm(Hb)
500 _aIncludes bibliographical references
700 _aBhatia, Nandi
942 _2ddc
_cEN
_mMOD
_h792.0954
999 _c27306
_d27306